000 00483nmm a2200145Ia 4500
005 20241120123152.0
008 241120s9999||||xx |||||||||||||||||und||
020 _a9783036541730
245 0 _aSocial Innovation in Sustainable Urban Development
260 _aMDPI - Multidisciplinary Digital Publishing Institute
_c2022
650 _ainformal land-use practice
700 _aMieg, Harald A.
856 _uhttps://directory.doabooks.org/handle/20.500.12854/84583
942 _cE-Book
999 _c191079
_d191079